000 00243nam a2200097Ia 4500
008 230508s2010 xx 000 0 und d
041 _aeng
100 _aKALSI.H.S.
245 _aELECTRICAL INSTRUMENTATION
260 _bTATA MCGRAW HILL EDU
_c2010
999 _c324493
_d324493